Technology enabling tomorrow : computers, communications and automation towards the 21st century /

Bibliographic Details
Corporate Authors: TENCON Melbourne, Vic., IEEE Region 10, Institute of Electrical and Electronics Engineers. Victoria Section
Format: Conference Proceeding Book
Language:English
Published: Glen Waverley, Vic. : IEEE, 1992.
Edition:"Preprints of papers.".
Subjects:

MARC

Tag First Indicator Second Indicator Subfields
LEADER 00000cam a2200000 a 4500
001 in00001121913
005 20150930070641.0
008 930324s1992 at a b 100 0 eng d
020 |a 0780308506 (casebound) 
020 |a 0780308492 (softbound) 
020 |a 0780308514 (microfiche) 
035 |a (OCoLC)27788504 
035 |9 AFV8170AM 
040 |a RRR  |c RRR  |d UIU  |d TXA  |d UtOrBLW 
049 |a TXAM 
090 |a TK7801  |b .T74 1992 
092 0 |a 621.381  |b T722t, 1992  |2 20 
111 2 |a TENCON  |d (1992 :  |c Melbourne, Vic.) 
245 1 0 |a Technology enabling tomorrow :  |b computers, communications and automation towards the 21st century /  |c TENCON '92 ; 1992 IEEE Region 10 international conference, Melbourne, 11th-13th November, 1992 ; sponsored by the Institute of Electrical and Electronics Engineers, Inc., Victorian Section. 
250 |a "Preprints of papers.". 
264 1 |a Glen Waverley, Vic. :  |b IEEE,  |c 1992. 
300 |a 2 volumes (1047 pages) :  |b illustrations ;  |c 30 cm. 
336 |a text  |b txt  |2 rdacontent 
337 |a unmediated  |b n  |2 rdamedia 
338 |a volume  |b nc  |2 rdacarrier 
500 |a Spine title: 1992 IEEE TENCON. 
504 |a Includes bibliographical references and index. 
500 |a "IEEE catalog number 93CH3223-5"--Title page verso. 
650 0 |a Digital communications  |v Congresses. 
650 0 |a Computer networks  |v Congresses. 
710 2 |a IEEE Region 10. 
710 2 |a Institute of Electrical and Electronics Engineers.  |b Victoria Section. 
740 0 |a TENCON '92. 
740 0 |a Computers, communications and automation towards the 21st century. 
999 |a MARS 
999 f f |s 502eaba8-aedf-358f-bab0-c8226ae36eb7  |i cc82da34-1947-3a95-b5f0-87decedf47b2  |t 0 
952 f f |p ric  |a Texas A&M University  |b Rellis Campus  |c Joint Library Facility  |d Remote Storage  |t 0  |e TK7801 .T74 1992  |h Library of Congress classification  |i unmediated -- volume  |k v.2  |m A14817061129 
952 f f |p ric  |a Texas A&M University  |b Rellis Campus  |c Joint Library Facility  |d Remote Storage  |t 0  |e TK7801 .T74 1992  |h Library of Congress classification  |i unmediated -- volume  |k v.1  |m A14817061111 
998 f f |a TK7801 .T74 1992  |s v.1-v.2  |t 0  |l Remote Storage